000 00585nam a22001937a 4500
999 _c2918
_d2918
003 OSt
005 20210727060118.0
008 210727b ||||| |||| 00| 0 eng d
020 _a9780176614089
020 _a0176614087
040 _cALUPE UNIVERSITY
050 _aHF568
_b.I53 2011
245 _aAccounting information systems
_bSelected Chapters
250 _a-
260 _aToronto
_bNelson Education
_c2011
300 _a645p.;
_bill.
_c26cm
650 _a Information storage and retrieval systems -- Accounting. Accounting -- Data processing.
942 _2lcc
_cBK
_nJO